LEADER 01050nam a2200193 i 4500 001 000000183077 003 CaOOAMICUS 005 20131111000000.0 008 131111s1883 xx u000 u ger u 013 $a161039 040 $aSeMil$bita 100 1 $aFunk, Franz Xaver : von,$d<1840-1907>.$0(OLS)http://semarc/name/5213 245 14$aDie Echtheit der ignatianischen Briefe aufs neue vertheidigt ; mit einer literarischen Beilage: die alte lateinische Übersetzung der Usher'schen Sammlung der Ignatiusbriefe und des Polykarpbriefes /$cvon F. X. Funk. 260 $aTübingen :$bLaupp,$c1883. 300 $a214 p. ;$c23 cm. 850 $aSeMil 852 $aSeMil$W1$xVenegono$y1$m2S III 3 FA$j133781$B133781$CSeMilBibl$Z2$F146026 $8I 996 $6245$aDie Echtheit der ignatianischen Briefe aufs neue vertheidigt ; mit einer literarischen Beilage: die alte lateinische Übersetzung der Usher'schen Sammlung der Ignatiusbriefe und des Polykarpbriefes$9(OLS)http://semarc/title/262749 996 $6260$aTübingen :$bLaupp$9(OLS)http://semarc/publisher/40731 LEADER 00943nam a2200229 i 4500 001 000000068331 003 CaOOAMICUS 005 20100625000000.0 008 100625s1947 it u000 u ita u 013 $a39503 040 $aSeMil$bita 100 1 $aFirpo, Luigi,$d<1915-1989>.$0(OLS)http://semarc/name/3493 245 10$aRicerche campanelliane /$cLuigi Firpo. 260 $aFirenze :$bSansoni,$cstampa 1947. 300 $a334 p., 11 p. di tav. :$bfacs. ;$c24 cm. 490 0 $aBiblioteca storica Sansoni. N.s. ;$v13. 600 14$aCampanella, Tommaso .$0(OLS)http://semarc/subject/9557 830 0$aBiblioteca storica Sansoni. N.s. ;$v13.$0(OLS)http://semarc/title/19120 850 $aSeMil 852 $aSeMil$W1$xVenegono$y1$m2O II 270$j34484$B34484$CSeMilBibl$Z2$F34487 $81 996 $6245$aRicerche campanelliane$9(OLS)http://semarc/title/109050 996 $6260$aFirenze :$bSansoni$9(OLS)http://semarc/publisher/29843